000 00568nam a2200229 a 4500
001 nice12345678
003 IN_TiNIC
005 20260116011453.0
008 050524s1942 laha grp 000 0 eng
020 _a
_c150
082 0 0 _a492.75
_bINA
100 _aInatatullah, Shaikh
245 _aWhy We Learn the Arabic Language
260 _aLahore
_bSh. Muhammad Ashraf
_c1942
300 _a48p
500 _aincludes index and biblioraphy
650 _aArabic-Course Book
700 1 _aInatatullah, Shaikh
902 _bSRS
942 _cBK
999 _c1831
_d1831